ბათუმის შოთა რუსთაველის სახელმწიფო უნივერსიტეტის ბიბლიოთეკა

სასწრაფო და გადაუდებელი თერაპიის სამედიცინო დახმარების პრეპარატების პრაქტიკული გამოყენების სახელმძღვანელო : პრეკლინიკურ-ექსტრემულ ეტაპზე ბინის, ქუჩის, ავარიის, მიწისძვრის და სხვა კრიტიკულ სიტუაციებში / (ბიბ.ჩანაწერი № 63031)

000 -ლიდერი
ფიქსირებული სიგრძის საკონტროლო ველი 01951nam a22002177a 4500
003 - საკონტროლო ნომრის იდენტიფიკატორი
საკონტროლო ველი Ge_BSU
005 - ბოლო ოპერაციის თარიღი და დრო
საკონტროლო ველი 20250514165644.0
008 - ფიქსირებული სიგრძის მონაცემთა ელემენტები - ზოგადი ინფორმაცია
ფიქსირებული სიგრძის საკონტროლო ველი 250514s2012 ge ||||| |||| 00| 0 geo d
020 ## - წიგნის საერთაშორისო სტანდარტული ნომერი
International Standard Book Number 999286303X
041 ## - ენის კოდი
Language code of text/sound track or separate title geo
080 ## - უნივერსალური ათობითი კლასიფიკაციის ინდექსი
Universal Decimal Classification number 615.2 თ-87
100 ## - მთავარი ჩანაწერი - პიროვნების სახელი
Personal name თურმანაული, გივი.
9 (RLIN) 616
245 ## - ცნობა სათაურის შესახებ
Title სასწრაფო და გადაუდებელი თერაპიის სამედიცინო დახმარების პრეპარატების პრაქტიკული გამოყენების სახელმძღვანელო : პრეკლინიკურ-ექსტრემულ ეტაპზე ბინის, ქუჩის, ავარიის, მიწისძვრის და სხვა კრიტიკულ სიტუაციებში /
Remainder of title კლინიკურ-სტაციონარულ სიტუაციებში (სწრაფი დიაგნოსტიკა ორგანოების ფუნქციური სტატუსის შეფასებით და რაციონალური ფარმაკოთერაპიით) /
Statement of responsibility, etc გივი თურმანაული; [რედ. მანანა გოგოლაური].
264 ## - წარმოების, გამოცემის, დისტრიბუციის და სხვა ცნობები
გამოცემის, წარმოების, დისტრიბუციის... ადგილი [თბ.] :
გამოცემის, წარმოების, დისტრიბუციის... სახელწოდება "ცის ნამის" გმა-ბა და სტ.,
გამოცემის, წარმოების, დისტრიბუციის... თარიღი 2012.
300 ## - ფიზიკური აღწერა
Extent 334 გვ. :
Other physical details სურ., ცხრ. ;
Dimensions 20 სმ.
500 ## - ზოგადი შენიშვნა
General note პრეპარატების საძიებელი: გვ. 328-330.
653 ## - INDEX TERM--UNCONTROLLED
Uncontrolled term სამედიცინო პრეპარატების გამოყენება
653 ## - INDEX TERM--UNCONTROLLED
Uncontrolled term გადაუდებელი სამედიცინო დახმარება
700 ## - ADDED ENTRY--PERSONAL NAME
Personal name გოგოლაური, მანანა,
Relator term რედატორი
9 (RLIN) 6289
942 ## - ADDED ENTRY ELEMENTS (KOHA)
Source of classification or shelving scheme
Koha item type წიგნი
ეგზემპლარები
ჩამოწერის სტატუსი დაკარგული ეგზემპლარის სტატუსი კლასიფიკაციის წყარო ან თაროზე გაწყობის სქემა დაზიანების სტატუსი არ გაიცემა მუდმივი მდებარეობა (დაცვის ადგილი) ამჟამინდელი ადგილსამყოფელი თაროზე განთავსების ადგილი შეძენის თარიღი ღირებულება, შესყიდვის ნორმალური ფასი სრული შენახვის შიფრი შტრიხკოდი ბოლო ოპერაციის თარიღი ეგზემპლარის მიმდევრობითი ნომერი (კეტერი?) ფასის ძალაში შესვლის თარიღი ეგზემპლარის სახეობა საჯარო შენიშვნა
          ბათუმის შოთა რუსთაველის სახელმწიფო უნივერსიტეტის მთავარი ბიბლიოთეკა ბათუმის შოთა რუსთაველის სახელმწიფო უნივერსიტეტის მთავარი ბიბლიოთეკა წიგნსაცავი 2025-05-14 25.50 615.2 თ-87 71423 2025-05-14 71423 2025-05-14 წიგნი 25 ლ. 50 თ.
          ბათუმის შოთა რუსთაველის სახელმწიფო უნივერსიტეტის მთავარი ბიბლიოთეკა ბათუმის შოთა რუსთაველის სახელმწიფო უნივერსიტეტის მთავარი ბიბლიოთეკა წიგნსაცავი 2025-05-14 25.50 615.2 თ-87 71424 2025-05-14 71424 2025-05-14 წიგნი 25 ლ. 50 თ.
          ბათუმის შოთა რუსთაველის სახელმწიფო უნივერსიტეტის მთავარი ბიბლიოთეკა ბათუმის შოთა რუსთაველის სახელმწიფო უნივერსიტეტის მთავარი ბიბლიოთეკა წიგნსაცავი 2025-05-14 25.50 615.2 თ-87 71425 2025-05-14 71425 2025-05-14 წიგნი 25 ლ. 50 თ.
          ბათუმის შოთა რუსთაველის სახელმწიფო უნივერსიტეტის მთავარი ბიბლიოთეკა ბათუმის შოთა რუსთაველის სახელმწიფო უნივერსიტეტის მთავარი ბიბლიოთეკა წიგნსაცავი 2025-05-14 25.50 615.2 თ-87 71426 2025-05-14 71426 2025-05-14 წიგნი 25 ლ. 50 თ.
          ბათუმის შოთა რუსთაველის სახელმწიფო უნივერსიტეტის მთავარი ბიბლიოთეკა ბათუმის შოთა რუსთაველის სახელმწიფო უნივერსიტეტის მთავარი ბიბლიოთეკა წიგნსაცავი 2025-05-14 25.50 615.2 თ-87 71427 2025-05-14 71427 2025-05-14 წიგნი 25 ლ. 50 თ.